Monograph on Moslem Calligraphy (Record no. 1861)

MARC details
000 -LEADER
fixed length control field 00580nam a2200241 a 4500
020 ## - INTERNATIONAL STANDARD BOOK NUMBER
ISBN
082 00 - DEWEY DECIMAL CLASSIFICATION NUMBER
Classification number 745.619
Author Cutter ZIA
100 ## - MAIN ENTRY--AUTHOR NAME
Author name Ziauddin, M
245 ## - TITLE STATEMENT
Title Monograph on Moslem Calligraphy
260 ## - PUBLICATION, DISTRIBUTION, ETC. (IMPRINT)
Place of publication Calcutta
Name of publisher Visva Bharty Book Shop
Year of publication 1936
300 ## - PHYSICAL DESCRIPTION
Number of Pages 72p
500 ## - GENERAL NOTE
General note includes index and biblioraphy
505 2# - FORMATTED CONTENTS NOTE
Formatted contents note Index
650 ## - SUBJECT ADDED ENTRY--TOPICAL TERM
Topical Term Calligraphy-Islamic
942 ## - ADDED ENTRY ELEMENTS (KOHA)
Koha item type Books
700 1# -
-- Ziauddin, M
Holdings
Collection code Home library Current library Date acquired Cost, normal purchase price Full call number Accession Number Koha item type
  Henry Martyn Institute Library Henry Martyn Institute Library 09/26/2008 100.00 745.619 ZIA 00846 Books
                   Copyright © 2026 | Henry Martyn Institute | Hyderabad | TS-500052 | INDIA | Implemented by hmi.edu.in
Hit-Count:

Powered by Koha